000 00648cam a2200145 4500500
005 20260322013734.0
041 _afre
042 _adc
100 1 0 _aBrogini, Anne
_eauthor
245 0 0 _aClaire Judde De Larivière, Naviguer, commercer, gouverner. Économie maritime et pouvoirs à Venise (XVe-XVIe siècles), Brill, Leiden-Boston, 2008, 362 p., ISBN 978-90-04-17072-8
260 _c2013.
500 _a8
786 0 _nRevue d’histoire moderne & contemporaine | 60-1 | 1 | 2013-04-01 | p. 198-199 | 0048-8003
856 4 1 _uhttps://shs.cairn.info/revue-d-histoire-moderne-et-contemporaine-2013-1-page-198?lang=fr&redirect-ssocas=7080
999 _c1783173
_d1783173